000
00263nam a22001217a 4500
020
_a
978-93-5548-312-6
082
_a
821/BAN
100
_a
Bansal,Neha
_9
83959
245
_a
Herstory
260
_a
New delhi
_b
Sahitya akademi
_c
2024
650
_a
Poems
942
_c
BK
999
_c
68974
_d
68974